000 00711nam a22002177a 4500
003 NUST-PNEC
005 20170116180739.0
008 141211b xxu||||| |||| 00| 0 eng d
020 _a007124476X
040 _cPNEC
082 _a005.74 SIL
100 _91104
_aSilberschatz Abraham
245 _aDatabase System Concepts
_cAbraham silberschatz
250 _a5th ed
260 _aNew York
_bMcGraw-Hill Companies
_cc.2006
300 _axvvi, 1142 p. :
_bIll. ;
_c23 cm.
500 _aIncludes index.
654 _xMIC, Computer
856 _uhttp://www.amazon.com/Database-System-Concepts-Abraham-Silberschatz/dp/007124476X/ref=sr_1_1?ie=UTF8&qid=1418289807&sr=8-1&keywords=007124476X
942 _2ddc
_cBK
999 _c62135
_d62135